000 01680cam a22004334i 4500
003 PE-LiUPU
005 20250731173121.0
008 150623s1999 xxua rb 000 0 eng d
035 _a(Sirsi) a25406
040 _aPE-LiUPU
_bspa
_cPE-LiUPU
_erda
082 0 4 _a254.02
_bC26
_221
100 1 _aVieira de Carvalho, Antonio,
_d1932-,
_eautor.
245 1 0 _aAvaliacao de desempenho na igreja /
_cAntonio Vieira de Carvalho.
264 1 _aSao Paulo :
_bEclesia,
_c1999.
300 _a88 páginas :
_bilustraciones, cuadros, gráficos ;
_c23 centímetros
336 _atext
_2rdacontent
337 _aunmediated
_2rdamedia
338 _avolume
_2rdacarrier
490 0 _aManual de Administración ;
_v3
504 _aIncluye bibliografía.
505 0 _aA avaliacao de desempenho na gestáo de recursos humanos da igreja -- Métodos de avaliacao de desempenho na igreja -- Práctica e evaliacao gerenciais na igreja -- Entrevista de avaliacao de desempenho na igreja.
526 _aSEG42
526 _aSEG41
526 _aSEG40
526 _aSEG39
526 _aP94
526 _aP87
526 _aP86
526 _aP85
526 _aP77
526 _aP76
526 _aP35
650 1 4 _aAdventistas del Séptimo Día
_xRecursos humanos.
942 _2ddc
_cBOOK
949 _a254.02 C26
_wDEWEY
_c1
_i49556
_lCCODEBUL1
_mBUL
_p40.00
_r0
_sY
_tBOOK
_u2015-06-24
_xTEOLOGIA
_PP35
_0COMPRA
_o.STAFF. Colección Teología
596 _a1
999 _a254.02 C26
_wDEWEY
_c32324
_i49556
_f2021-11-10
_g5
_lCCODEBUL1
_mBUL
_p40.00
_r0
_sY
_tBOOK
_u2015-6-24
_xTEOLOGIA
_PP35
_0COMPRA
_o.STAFF. Colección Teología
_d32324
980 _81
_gALBERTO SANCHEZ Responsable de Automatización